| 000 | 00924nas a2200301 4500 | ||
|---|---|---|---|
| 001 | BR2010004111 | ||
| 003 | BR-BrBNA | ||
| 005 | 20231205114659.0 | ||
| 007 | ta | ||
| 008 | 230509b bl.|||p| |||| 00| 00por d | ||
| 040 |
_aBR-BrBNA _bpor _cBiblioteca Nacional de Agricultura |
||
| 041 | _a(Pt) | ||
| 072 | _aF60 | ||
| 100 | 1 | _aLopes, R.M. | |
| 100 | 1 | _aSevilha, A.C. | |
| 100 | 1 | _aFaleiro, F.G. | |
| 100 | 1 | _aSilva, D.B. da | |
| 100 | 1 | _aVieira, R.F. | |
| 100 | 1 | _aAgostini-Costa, T. da S. | |
| 245 | 1 | _aEstudo comparativo do perfil de ácidos graxos em semente de assifloras nativas do cerrado brasileiro | |
| 650 | _aMARACUJÁ | ||
| 650 | _aSEMENTE | ||
| 650 | _aÁCIDO GRAXO | ||
| 650 | _aANÁLISE QUÍMICA | ||
| 773 | 0 |
_tRevista Brasileira de Fruticultura (Brazil) _xISSN 0100 2945 _g(Jun 2010), v. 32(2) p. 498-506 _wBR2010004111 |
|
| 909 |
_a202311 _bLúcia _c55 _dLúcia Elande |
||
| 942 |
_2AGRIS _n0 _cANA |
||
| 999 |
_c209913 _d209913 |
||